Woolf bites in conveyancing world (Record no. 68638)
[ view plain ]
| 000 -LEADER | |
|---|---|
| fixed length control field | 01175cam a2200253 4500 |
| 001 - CONTROL NUMBER | |
| control field | ABS64692 |
| 008 - FIXED-LENGTH DATA ELEMENTS--GENERAL INFORMATION | |
| fixed length control field | 011023n2001 000 0 eng u |
| 035 ## - SYSTEM CONTROL NUMBER | |
| System control number | (Sirsi) u115253 |
| 100 ## - MAIN ENTRY--PERSONAL NAME | |
| Personal name | Hickman, N |
| 245 ## - TITLE STATEMENT | |
| Title | Woolf bites in conveyancing world |
| 260 ## - PUBLICATION, DISTRIBUTION, ETC. | |
| Date of publication, distribution, etc. | 2001 |
| 490 ## - SERIES STATEMENT | |
| Series statement | Law Society's Gazette |
| Volume/sequential designation | 98(37) 27 September 2001, 41(1) |
| 520 ## - SUMMARY, ETC. | |
| Summary, etc. | Considers the implications for business tenancies of the Civil Procedure Rules 1998 (CPR) Part 56, "Landlord and Tenant Claims and Miscellaneous Provisions about Land" which came into force on 15 October 2001. Highlights how CPR 56 will affect joint applications underthe Landlord and Tenant Act 1954 Part II and applications for new tenancies under the 1954 Act s24. The latter area will see the major procedural reform and will change the claim form procedure for tenants and landlords. |
| 590 ## - LOCAL NOTE (RLIN) | |
| Local note | ABS |
| 650 ## - SUBJECT ADDED ENTRY--TOPICAL TERM | |
| Topical term or geographic name entry element | WOOLF REFORMS |
| 650 ## - SUBJECT ADDED ENTRY--TOPICAL TERM | |
| Topical term or geographic name entry element | CIVIL PROCEDURE RULES PART 56 |
| 650 ## - SUBJECT ADDED ENTRY--TOPICAL TERM | |
| Topical term or geographic name entry element | LANDLORD AND TENANT ACT 1954 |
| 650 ## - SUBJECT ADDED ENTRY--TOPICAL TERM | |
| Topical term or geographic name entry element | BUSINESS TENANCIES |
| 650 ## - SUBJECT ADDED ENTRY--TOPICAL TERM | |
| Topical term or geographic name entry element | CLAIMS |
| 650 ## - SUBJECT ADDED ENTRY--TOPICAL TERM | |
| Topical term or geographic name entry element | NEW TENANCIES |
| 650 ## - SUBJECT ADDED ENTRY--TOPICAL TERM | |
| Topical term or geographic name entry element | JOINT APPLICATIONS |
| 690 ## - LOCAL SUBJECT ADDED ENTRY--TOPICAL TERM (OCLC, RLIN) | |
| Topical term or geographic name as entry element | LANDLORD AND TENANT-BUSINESS TENANCIES |
| 942 ## - ADDED ENTRY ELEMENTS (KOHA) | |
| Suppress in OPAC | 0 |
| Withdrawn status | Lost status | Source of classification or shelving scheme | Damaged status | Not for loan | Home library | Current library | Shelving location | Date acquired | Total Checkouts | Full call number | Barcode | Date last seen | Copy number | Price effective from | Koha item type |
|---|---|---|---|---|---|---|---|---|---|---|---|---|---|---|---|
| Dewey Decimal Classification | London | London | Journal article | 23/10/2001 | ABS64692 | 115253-1001 | 06/08/2019 | 1 | 06/08/2019 | Journal article |